000 00942nas a2200313 4500
001 BR2013007585
003 BR-BrBNA
005 20231205122948.0
007 ta
008 230509b bl.|||p| |||| 00| 00por d
040 _aBR-BrBNA
_bpor
_cBiblioteca Nacional de Agricultura
041 _a(Pt)
072 _aL73
100 1 _aUliana, L.M. do A.
100 1 _aBrito, H.F.V. de
100 1 _aMontaño, P.Y.
100 1 _aLaskosky, L.M.
100 1 _aKnopf, T. de A.
100 1 _aLocatelli-Dittrich, R.
245 1 _aPeritonite infecciosa felina
650 _aDOENÇA ANIMAL
650 _aVETERINÁRIA
650 _aGATO
650 _aINFECCÇÃO
650 _aPERITONITE
773 0 _tMedvep. Revista Científica de Medicina Veterinária. Pequenos Animais e Animais de Estimação (Brazil)
_xISSN 1678-1430
_g(2012), v. 10(35) p. 46-53
_wBR2013007585
909 _a202311
_bLúcia
_c55
_dLúcia Elande
942 _2AGRIS
_n0
_cANA
999 _c231483
_d231483